Movies Quiz

Random Movies or Spanish Quiz

Spanish Genre Cinema Cast (Horror) Quiz Stats

 Plays Quiz not verified by Sporcle

Score 0/265 Timer 15:00
0 Plays Today
Hint Answer % Correct
I Hate My Body (Leon Klimovsky, 1974)Alexandra Bastedo
57.1%
Black Candles (Jose Ramon Larraz, 1980)Helga Line
57.1%
La muerte incierta (Jose Ramon Larraz, 1973)Mary Maude
57.1%
Stigma (Jose Ramon Larraz, 1980)Helga Line
57.1%
Stigma (Jose Ramon Larraz, 1980)Alexandra Bastedo
57.1%
The Mark of the Wolfman (Enrique Lopez Eguiluz, 1968)Paul Naschy
54.5%
Dracula vs Frankenstein (Hugo Fregonese, Tulio Demichelli & Eberhard Meichsner, 1970)Paul Naschy
54.5%
The Werewolf vs The Vampire Woman (Leon Klimovsky, 1971)Paul Naschy
54.5%
Dr Jekyll vs The Werewolf (Leon Klimovsky, 1972)Paul Naschy
54.5%
The Fury of the Wolfman (Jose Maria Zabalza, 1972)Paul Naschy
54.5%
Count Dracula's Great Love (Javier Aguirre, 1973)Paul Naschy
54.5%
The Hanging Woman (Jose Luis Merino, 1973)Paul Naschy
54.5%
Horror Rises from the Tomb (Carlos Aured, 1973)Paul Naschy
54.5%
Crimson, the Colour of Blood (Juan Fortuny, 1973)Paul Naschy
54.5%
The Hunchback of the Morgue (Javier Aguirre, 1973)Paul Naschy
54.5%
The Mummy's Revenge (Carlos Aured, 1973)Paul Naschy
54.5%
Curse of the Devil (Carlos Aured, 1973)Paul Naschy
54.5%
Vengeance of the Zombies (Leon Klimovsky, 1973)Paul Naschy
54.5%
Devil's Possessed (Leon Klimovsky, 1974)Paul Naschy
54.5%
Exorcismo (Juan Bosch, 1975)Paul Naschy
54.5%
The Werewolf and The Yeti (Miguel Iglesias, 1975)Paul Naschy
54.5%
Inquisition (Paul Naschy, 1976)Paul Naschy
54.5%
Night of the Werewolf (Paul Naschy, 1981)Paul Naschy
54.5%
Human Beasts (Paul Naschy, 1980)Paul Naschy
54.5%
The Beast and the Magic Sword (Paul Naschy, 1983)Paul Naschy
54.5%
Panic Beats (Paul Naschy, 1983)Paul Naschy
54.5%
The Sweet Sound of Death (Javier Seto, 1965)Dyanik Zurakowska
42.9%
Pieces (Juan Piquer Simon, 1982)Gerard Tichy
42.9%
Pieces (Juan Piquer Simon, 1982)Jack Taylor
42.9%
Pieces (Juan Piquer Simon, 1982)Christopher George
42.9%
Face of Terror (Isidoro Martinez Ferry, 1962)Gerard Tichy
42.9%
Face of Terror (Isidoro Martinez Ferry, 1962)Carlos Casaravilla
42.9%
I Hate My Body (Leon Klimovsky, 1974)Maria Silva
42.9%
I Hate My Body (Leon Klimovsky, 1974)Manuel de Blas
42.9%
Emma, puertas oscuras (Jose Ramon Larraz, 1974)George Rigaud
42.9%
Emma, puertas oscuras (Jose Ramon Larraz, 1974)Angel Menendez
42.9%
Emma, puertas oscuras (Jose Ramon Larraz, 1974)Perla Cristal
42.9%
Sound of Horror (Jose Antonio Nieves Conde, 1964)Arturo Fernandez
36.4%
La residencia a.k.a. The House That Screamed (Narciso Ibanez Serrador, 1969) Lilli Palmer
36.4%
La residencia a.k.a. The House That Screamed (Narciso Ibanez Serrador, 1969) Mary Maude
36.4%
The Witches Mountain (Raul Artigot, 1972)Monica Randall
36.4%
Horror Express (Eugenio Martin, 1972)Christopher Lee
36.4%
Horror Express (Eugenio Martin, 1972)Helga Line
36.4%
Curse of the Vampire (Jose Maria Elorrieta, 1972)Diana Sorel
36.4%
The Blood Spattered Bride (Vicente Aranda, 1972)Maribel Martin
36.4%
The Blood Spattered Bride (Vicente Aranda, 1972)Alexandra Bastedo
36.4%
The Dracula Saga (Leon Klimovsky, 1973)Helga Line
36.4%
Horror Rises from the Tomb (Carlos Aured, 1973)Helga Line
36.4%
A Bell from Hell (Claudio Guerin, 1973)Maribel Martin
36.4%
The Mummy's Revenge (Carlos Aured, 1973)Helga Line
36.4%
Curse of the Devil (Carlos Aured, 1973)Jose Manuel Martin
36.4%
The Vampires' Night Orgy (Leon Klimovsky, 1974)Helga Line
36.4%
The Loreley's Grasp (Amando de Ossorio, 1974)Helga Line
36.4%
Inquisition (Paul Naschy, 1976)Monica Randall
36.4%
The Cross of the Devil (John Gilling, 1975)Monica Randall
36.4%
Island of the Doomed (Mel Welles, 1967)George Martin
36.4%
The Sea Serpent (Amando de Ossorio, 1984)Jared Martin
36.4%
Hypnosis (Eugenio Martin, 1962)Jean Sorel
36.4%
Satan's Five Warnings (Jose Luis Merino, 1970)Eduardo Fajardo
33.3%
Satan's Five Warnings (Jose Luis Merino, 1970)Cristina Galbo
33.3%
Satan's Five Warnings (Jose Luis Merino, 1970)Arturo Fernandez
33.3%
The Sweet Sound of Death (Javier Seto, 1965)Paco Moran
28.6%
The Sweet Sound of Death (Javier Seto, 1965)Emilio Gutierrez Caba
28.6%
The Sweet Sound of Death (Javier Seto, 1965)Carlos Lemos
28.6%
Pieces (Juan Piquer Simon, 1982)Paul L Smith
28.6%
Face of Terror (Isidoro Martinez Ferry, 1962)Virgilio Teixeira
28.6%
Face of Terror (Isidoro Martinez Ferry, 1962)Fernando Rey
28.6%
Face of Terror (Isidoro Martinez Ferry, 1962)Lisa Gaye
28.6%
I Hate My Body (Leon Klimovsky, 1974)Narciso Ibanez Menta
28.6%
La muerte incierta (Jose Ramon Larraz, 1973)Rosalba Neri
28.6%
La muerte incierta (Jose Ramon Larraz, 1973)Antonio Molino Rojo
28.6%
Stigma (Jose Ramon Larraz, 1980)Emilio Gutierrez Caba
28.6%
Stigma (Jose Ramon Larraz, 1980)Antonio Molino Rojo
28.6%
Stigma (Jose Ramon Larraz, 1980)Christian Borromeo
28.6%
Sound of Horror (Jose Antonio Nieves Conde, 1964)Ingrid Pitt
27.3%
The Mark of the Wolfman (Enrique Lopez Eguiluz, 1968)Dyanik Zurakowska
27.3%
The Mark of the Wolfman (Enrique Lopez Eguiluz, 1968)Angel Menendez
27.3%
The Mark of the Wolfman (Enrique Lopez Eguiluz, 1968)Jose Nieto
27.3%
The Mark of the Wolfman (Enrique Lopez Eguiluz, 1968)Carlos Casaravilla
27.3%
Malenka (Amando de Ossorio, 1969)Carlos Casaravilla
27.3%
La residencia a.k.a. The House That Screamed (Narciso Ibanez Serrador, 1969) Cristina Galbo
27.3%
La residencia a.k.a. The House That Screamed (Narciso Ibanez Serrador, 1969) John Moulder-Brown
27.3%
The Strange Case of Dr. Fausto (Gonzalo Suarez, 1969)Teresa Gimpera
27.3%
The Horrible Sexy Vampire (Jose Luis Madrid, 1970)Wal Davis
27.3%
The Horrible Sexy Vampire (Jose Luis Madrid, 1970)Barta Barri
27.3%
The Horrible Sexy Vampire (Jose Luis Madrid, 1970)Anastasio Campoy
27.3%
Dracula vs Frankenstein (Hugo Fregonese, Tulio Demichelli & Eberhard Meichsner, 1970)Patty Shepard
27.3%
Dracula vs Frankenstein (Hugo Fregonese, Tulio Demichelli & Eberhard Meichsner, 1970)Manuel de Blas
27.3%
Feast of Satan (Jose Maria Elorrieta, 1972)Espartaco Santoni
27.3%
Hint Answer % Correct
Feast of Satan (Jose Maria Elorrieta, 1972)Teresa Gimpera
27.3%
The Werewolf vs The Vampire Woman (Leon Klimovsky, 1971)Barta Barri
27.3%
The Werewolf vs The Vampire Woman (Leon Klimovsky, 1971)Patty Shepard
27.3%
Graveyard of Horror (Miguel Madrid, 1971)Victor Israel
27.3%
La cabina a.k.a. The Phone Box (Antonio Mercero, 1972)Jose Luis Lopez Vazquez
27.3%
Tombs of the Blind Dead (Amando De Ossorio, 1972)Lone Fleming
27.3%
Crypt of the Living Dead (Ray Danton & Julio Salvador, 1973)Patty Shepard
27.3%
Crypt of the Living Dead (Ray Danton & Julio Salvador, 1973)Teresa Gimpera
27.3%
The Witches Mountain (Raul Artigot, 1972)Patty Shepard
27.3%
The Witches Mountain (Raul Artigot, 1972)Victor Israel
27.3%
Maniac Mansion (Francisco Lara Polop & Pedro Lazaga, 1972)Eduardo Fajardo
27.3%
Horror Express (Eugenio Martin, 1972)Peter Cushing
27.3%
Horror Express (Eugenio Martin, 1972)Alberto de Mendoza
27.3%
Horror Express (Eugenio Martin, 1972)George Rigaud
27.3%
Dr Jekyll vs The Werewolf (Leon Klimovsky, 1972)Jack Taylor
27.3%
The Fury of the Wolfman (Jose Maria Zabalza, 1972)Perla Cristal
27.3%
The Blood Spattered Bride (Vicente Aranda, 1972)Simon Andreu
27.3%
Return of the Evil Dead (Amando de Ossorio, 1973)Tony Kendall
27.3%
Return of the Evil Dead (Amando de Ossorio, 1973)Fernando Sancho
27.3%
The Legend of Blood Castle (Jorge Grau, 1973)Espartaco Santoni
27.3%
The Hanging Woman (Jose Luis Merino, 1973)Dyanik Zurakowska
27.3%
The Hanging Woman (Jose Luis Merino, 1973)Gerard Tichy
27.3%
A Candle for the Devil (Eugenio Martin, 1973)Judy Geeson
27.3%
Horror Rises from the Tomb (Carlos Aured, 1973)Emma Cohen
27.3%
Horror Rises from the Tomb (Carlos Aured, 1973)Victor Alcazar
27.3%
Crimson, the Colour of Blood (Juan Fortuny, 1973)Victor Israel
27.3%
The Hunchback of the Morgue (Javier Aguirre, 1973)Victor Alcazar
27.3%
The Cannibal Man (Eloy De La Iglesia, 1973)Emma Cohen
27.3%
The Mummy's Revenge (Carlos Aured, 1973)Jack Taylor
27.3%
The Spectre of Terror (Jose Maria Elorrieta, 1973)Maria Perschy
27.3%
Curse of the Devil (Carlos Aured, 1973)Maria Silva
27.3%
Sexy Cat (Julio Perez Tabernero, 1973)Dyanik Zurakowska
27.3%
Sexy Cat (Julio Perez Tabernero, 1973)Lone Fleming
27.3%
The Night of the Sorcerors (Amando de Ossorio, 1973)Simon Andreu
27.3%
The Night of the Sorcerors (Amando de Ossorio, 1973)Jack Taylor
27.3%
The Vampires' Night Orgy (Leon Klimovsky, 1974)Jack Taylor
27.3%
The Vampires' Night Orgy (Leon Klimovsky, 1974)Dyanik Zurakowska
27.3%
Let Sleeping Corpses Lie (Jorge Grau, 1974)Cristina Galbo
27.3%
The Loreley's Grasp (Amando de Ossorio, 1974)Tony Kendall
27.3%
The Ghost Galleon (Amando de Ossorio, 1974)Maria Perschy
27.3%
The Ghost Galleon (Amando de Ossorio, 1974)Jack Taylor
27.3%
The Ghost Galleon (Amando de Ossorio, 1974)Manuel de Blas
27.3%
Devil's Kiss (Jordi Gigo, 1975)Jose Nieto
27.3%
Devil's Kiss (Jordi Gigo, 1975)Maria Silva
27.3%
The Cross of the Devil (John Gilling, 1975)Emma Cohen
27.3%
Night of the Walking Dead (Leon Klimovsky, 1975)Emma Cohen
27.3%
Exorcismo (Juan Bosch, 1975)Maria Perschy
27.3%
Horror Express (Eugenio Martin, 1972)Victor Israel
27.3%
A Candle for the Devil (Eugenio Martin, 1973)Victor Alcazar
27.3%
Count Dracula's Great Love (Javier Aguirre, 1973)Victor Alcazar
27.3%
The Horrible Sexy Vampire (Jose Luis Madrid, 1970)Patricia Loran
27.3%
The Mummy's Revenge (Carlos Aured, 1973)Maria Silva
27.3%
The Cross of the Devil (John Gilling, 1975)Eduardo Fajardo
27.3%
The Cross of the Devil (John Gilling, 1975)Fernando Sancho
27.3%
The Vampires' Night Orgy (Leon Klimovsky, 1974)Manuel de Blas
27.3%
The People Who Own the Dark (Leon Klimovsky, 1976)Alberto de Mendoza
27.3%
The People Who Own the Dark (Leon Klimovsky, 1976)Teresa Gimpera
27.3%
Devil's Kiss (Jordi Gigo, 1975)Victor Israel
27.3%
The Possessed (Amando de Ossorio, 1976)Lone Fleming
27.3%
The Possessed (Amando de Ossorio, 1976)Fernando Sancho
27.3%
The Sea Serpent (Amando de Ossorio, 1984)Jack Taylor
27.3%
The Sea Serpent (Amando de Ossorio, 1984)Victor Israel
27.3%
Hypnosis (Eugenio Martin, 1962)Gotz George
27.3%
Supernatural (Eugenio Martin, 1983)Cristina Galbo
27.3%
Sound of Horror (Jose Antonio Nieves Conde, 1964)James Philbrook
18.2%
Sound of Horror (Jose Antonio Nieves Conde, 1964)Soledad Miranda
18.2%
Sound of Horror (Jose Antonio Nieves Conde, 1964)Jose Bodalo
18.2%
Sound of Horror (Jose Antonio Nieves Conde, 1964)Antonio Casas
18.2%
The Mark of the Wolfman (Enrique Lopez Eguiluz, 1968)Manuel Manzaneque
18.2%
The Mark of the Wolfman (Enrique Lopez Eguiluz, 1968)Aurora de Alba
18.2%
The Mark of the Wolfman (Enrique Lopez Eguiluz, 1968)Julian Ugarte
18.2%
Malenka (Amando de Ossorio, 1969)Anita Ekberg
18.2%
Malenka (Amando de Ossorio, 1969)Gianni Medici
18.2%
Malenka (Amando de Ossorio, 1969)Diana Lorys
18.2%
Malenka (Amando de Ossorio, 1969)Rosanna Yanni
18.2%
Malenka (Amando de Ossorio, 1969)Paul Muller
18.2%
Malenka (Amando de Ossorio, 1969)Fernando Bilbao
18.2%
The Strange Case of Dr. Fausto (Gonzalo Suarez, 1969)Gonzalo Suarez
18.2%
The Strange Case of Dr. Fausto (Gonzalo Suarez, 1969)Alberto Puig
18.2%
The Strange Case of Dr. Fausto (Gonzalo Suarez, 1969)Olga Vidali
18.2%
Dracula vs Frankenstein (Hugo Fregonese, Tulio Demichelli & Eberhard Meichsner, 1970)Michael Rennie
18.2%
Dracula vs Frankenstein (Hugo Fregonese, Tulio Demichelli & Eberhard Meichsner, 1970)Karin Dor
18.2%
Dracula vs Frankenstein (Hugo Fregonese, Tulio Demichelli & Eberhard Meichsner, 1970)Craig Hill
18.2%
Dracula vs Frankenstein (Hugo Fregonese, Tulio Demichelli & Eberhard Meichsner, 1970)Angel del Pozo
18.2%
Dracula vs Frankenstein (Hugo Fregonese, Tulio Demichelli & Eberhard Meichsner, 1970)Ferdinando Murolo
18.2%
Feast of Satan (Jose Maria Elorrieta, 1972)Krista Nell
18.2%
Feast of Satan (Jose Maria Elorrieta, 1972)Ennio Girolami
18.2%
Feast of Satan (Jose Maria Elorrieta, 1972)Julio Pena
18.2%
Graveyard of Horror (Miguel Madrid, 1971)Bill Curran
18.2%
Hint Answer % Correct
Graveyard of Horror (Miguel Madrid, 1971)Catherine Ellison
18.2%
Tombs of the Blind Dead (Amando De Ossorio, 1972)Cesar Burner
18.2%
Crypt of the Living Dead (Ray Danton & Julio Salvador, 1973)Andrew Prine
18.2%
Crypt of the Living Dead (Ray Danton & Julio Salvador, 1973)Mark Damon
18.2%
Maniac Mansion (Francisco Lara Polop & Pedro Lazaga, 1972)Ida Galli
18.2%
Maniac Mansion (Francisco Lara Polop & Pedro Lazaga, 1972)Lisa Leonardi
18.2%
Maniac Mansion (Francisco Lara Polop & Pedro Lazaga, 1972)Franco Fantasia
18.2%
Maniac Mansion (Francisco Lara Polop & Pedro Lazaga, 1972)Alberto Dalbes
18.2%
Horror Express (Eugenio Martin, 1972)Telly Savalas
18.2%
Curse of the Vampire (Jose Maria Elorrieta, 1972)Nicholas Ney
18.2%
Morbidness (Gonzalo Suarez, 1972)Ana Belen
18.2%
Morbidness (Gonzalo Suarez, 1972)Victor Manuel
18.2%
Count Dracula's Great Love (Javier Aguirre, 1973)Rosanna Yanni
18.2%
Count Dracula's Great Love (Javier Aguirre, 1973)Haydee Politoff
18.2%
The Dracula Saga (Leon Klimovsky, 1973)Tina Sainz
18.2%
The Dracula Saga (Leon Klimovsky, 1973)Tony Isbert
18.2%
The Legend of Blood Castle (Jorge Grau, 1973)Lucia Bose
18.2%
The Legend of Blood Castle (Jorge Grau, 1973)Ewa Aulin
18.2%
The Hanging Woman (Jose Luis Merino, 1973)Stelvio Rosi
18.2%
A Candle for the Devil (Eugenio Martin, 1973)Esperanza Roy
18.2%
A Candle for the Devil (Eugenio Martin, 1973)Aurora Batista
18.2%
The Hunchback of the Morgue (Javier Aguirre, 1973)Rosanna Yanni
18.2%
A Bell from Hell (Claudio Guerin, 1973)Renaud Verley
18.2%
A Bell from Hell (Claudio Guerin, 1973)Viveca Lindfors
18.2%
A Bell from Hell (Claudio Guerin, 1973)Alfredo Mayo
18.2%
The Cannibal Man (Eloy De La Iglesia, 1973)Vicente Parra
18.2%
The Cannibal Man (Eloy De La Iglesia, 1973)Eusebio Poncela
18.2%
The Spectre of Terror (Jose Maria Elorrieta, 1973)Sancho Gracia
18.2%
The Night of the Sorcerors (Amando de Ossorio, 1973)Maria Kosti
18.2%
House of the Damned (Gonzalo Suarez, 1974)Carmen Sevilla
18.2%
Night of the Seagulls (Amando de Ossorio, 1975)Maria Kosti
18.2%
The Cross of the Devil (John Gilling, 1975)Carmen Sevilla
18.2%
Exorcismo (Juan Bosch, 1975)Maria Kosti
18.2%
The People Who Own the Dark (Leon Klimovsky, 1976)Nadiuska
18.2%
Who Can Kill a Child? (Narciso Ibanez Serrador, 1976)Lewis Fiander
18.2%
Who Can Kill a Child? (Narciso Ibanez Serrador, 1976)Prunella Ransome
18.2%
Night of the Werewolf (Paul Naschy, 1981)Julia Saly
18.2%
The People Who Own the Dark (Leon Klimovsky, 1976)Antonio Mayans
18.2%
The People Who Own the Dark (Leon Klimovsky, 1976)Julia Saly
18.2%
Trauma (Leon Klimovsky, 1978)Antonio Mayans
18.2%
Trauma (Leon Klimovsky, 1978)Agata Lys
18.2%
Island of the Doomed (Mel Welles, 1967)Elisa Montes
18.2%
Island of the Doomed (Mel Welles, 1967)Cameron Mitchell
18.2%
Panic Beats (Paul Naschy, 1983)Julia Saly
18.2%
Hypnosis (Eugenio Martin, 1962)Eleonora Rossi Drago
18.2%
Hypnosis (Eugenio Martin, 1962)Massimo Serato
18.2%
Scream of the Demon Lover (Jose Luis Merino, 1970)Agostina Belli
16.7%
Scream of the Demon Lover (Jose Luis Merino, 1970)Carlos Quiney
16.7%
Scream of the Demon Lover (Jose Luis Merino, 1970)Erna Schurer
16.7%
Further Than Fear (Tomas Aznar, 1980)Raquel Ramirez
14.3%
Further Than Fear (Tomas Aznar, 1980)Francisco Sanchez Grajera
14.3%
Pieces (Juan Piquer Simon, 1982)Edmund Purdom
14.3%
Pieces (Juan Piquer Simon, 1982)Linda Day
14.3%
I Hate My Body (Leon Klimovsky, 1974)Gemma Cuervo
14.3%
Black Candles (Jose Ramon Larraz, 1980)Jeffrey Healey
14.3%
Black Candles (Jose Ramon Larraz, 1980)Vanessa Hildalgo
14.3%
Emma, puertas oscuras (Jose Ramon Larraz, 1974)Susanna East
14.3%
Curse of the Devil (Carlos Aured, 1973)Fabiola Falcon
9.1%
Sexy Cat (Julio Perez Tabernero, 1973)German Cobos
9.1%
House of the Damned (Gonzalo Suarez, 1974)Donald Pleasence
9.1%
House of the Damned (Gonzalo Suarez, 1974)Michael Dunn
9.1%
House of the Damned (Gonzalo Suarez, 1974)Aldo Sambrell
9.1%
Let Sleeping Corpses Lie (Jorge Grau, 1974)Ray Lovelock
9.1%
Let Sleeping Corpses Lie (Jorge Grau, 1974)Arthur Kennedy
9.1%
Night of the Seagulls (Amando de Ossorio, 1975)Victor Petit
9.1%
Devil's Kiss (Jordi Gigo, 1975)Silvia Solar
9.1%
Devil's Kiss (Jordi Gigo, 1975)Oliver Mathot
9.1%
The Cross of the Devil (John Gilling, 1975)Adolfo Marsillach
9.1%
School of Death (Pedro Luis Ramirez, 1975)Dean Selmier
9.1%
School of Death (Pedro Luis Ramirez, 1975)Sandra Mozarowsky
9.1%
Night of the Walking Dead (Leon Klimovsky, 1975)Carlos Ballesteros
9.1%
Leonor (Juan Luis Bunuel, 1975)Michel Piccoli
9.1%
Leonor (Juan Luis Bunuel, 1975)Liv Ullmann
9.1%
Leonor (Juan Luis Bunuel, 1975)Ornella Muti
9.1%
Satan's Blood (Juan Piquer Simon & Carlos Puerto, 1978)Angel Aranda
9.1%
Inquisition (Paul Naschy, 1976)Daniela Giordano
9.1%
The Cross of the Devil (John Gilling, 1975)Ramiro Oliveros
9.1%
Trauma (Leon Klimovsky, 1978)Heinrich Starhemberg
9.1%
Satan's Blood (Juan Piquer Simon & Carlos Puerto, 1978)Sandra Alberti
9.1%
The Possessed (Amando de Ossorio, 1976)Marian Salgado
9.1%
The Possessed (Amando de Ossorio, 1976)Julian Mateos
9.1%
The Sea Serpent (Amando de Ossorio, 1984)Timothy Bottoms
9.1%
The Sea Serpent (Amando de Ossorio, 1984)Taryn Power
9.1%
The Sea Serpent (Amando de Ossorio, 1984)Ray Milland
9.1%
The House on the Outskirts (Eugenio Martin, 1980)Alida Valli
9.1%
The House on the Outskirts (Eugenio Martin, 1980)Silvia Aguilar
9.1%
The House on the Outskirts (Eugenio Martin, 1980)Javier Escriva
9.1%

You're not logged in!

Compare scores with friends on all Sporcle quizzes.
OR
Log In

Sporcle TV

Today on Sporcle TV


Watch our educational content, quiz creation guides, and fun videos on Sporcle TV.

Show Comments

Extras

Top Quizzes Today


Score Distribution

Your Account Isn't Verified!

In order to create a playlist on Sporcle, you need to verify the email address you used during registration. Go to your Sporcle Settings to finish the process.

Report this User

Report this user for behavior that violates our Community Guidelines.

Details: